Religiosity and the adolescent perception of premarital sex of the Southville International School and Colleges' grade 11 and 12 students / (Record no. 288875)
[ view plain ]
| 000 -LEADER | |
|---|---|
| fixed length control field | 00862nam a22002057a 4500 |
| 003 - CONTROL NUMBER IDENTIFIER | |
| control field | 0 |
| 005 - DATE AND TIME OF LATEST TRANSACTION | |
| control field | 20250120085903.0 |
| 008 - FIXED-LENGTH DATA ELEMENTS--GENERAL INFORMATION | |
| fixed length control field | 151016b xxu||||| |||| 00| 0 eng d |
| 050 ## - LIBRARY OF CONGRESS CALL NUMBER | |
| Classification number | PHS HQ 31 |
| Item number | .C131 2015 |
| 100 ## - MAIN ENTRY--PERSONAL NAME | |
| Personal name | Caga, Diana Christine Rei G. |
| 245 ## - TITLE STATEMENT | |
| Title | Religiosity and the adolescent perception of premarital sex of the Southville International School and Colleges' grade 11 and 12 students / |
| Statement of responsibility, etc | Diana Christine Rei G. Caga . |
| 260 ## - PUBLICATION, DISTRIBUTION, ETC. (IMPRINT) | |
| Place of publication, distribution, etc | Las Piñas, Philippines : |
| Name of publisher, distributor, etc | Southville International School and Colleges, |
| Date of publication, distribution, etc | 2015. |
| 300 ## - PHYSICAL DESCRIPTION | |
| Extent | iii, 46 p. ; |
| Dimensions | 28 cm. |
| 504 ## - BIBLIOGRAPHY, ETC. NOTE | |
| Bibliography, etc | Includes bibliographical references. |
| 650 ## - SUBJECT ADDED ENTRY--TOPICAL TERM | |
| Topical term or geographic name as entry element | Premarital sex |
| Form subdivision | Moral and ethical aspects. |
| 650 ## - SUBJECT ADDED ENTRY--TOPICAL TERM | |
| Topical term or geographic name as entry element | Sexual behavior in adolescence |
| Form subdivision | Religious aspects. |
| 650 ## - SUBJECT ADDED ENTRY--TOPICAL TERM | |
| Topical term or geographic name as entry element | Religiosity |
| Form subdivision | Psychological aspects. |
| 650 ## - SUBJECT ADDED ENTRY--TOPICAL TERM | |
| Topical term or geographic name as entry element | Religion and youth |
| Form subdivision | Attitudes. |
| 942 ## - ADDED ENTRY ELEMENTS (KOHA) | |
| Source of classification or shelving scheme | Library of Congress Classification |
| Koha item type | PASS |
| Withdrawn status | Lost status | Source of classification or shelving scheme | Damaged status | Not for loan | Home library | Current library | Shelving location | Date acquired | Source of acquisition | Total Checkouts | Full call number | Barcode | Date last seen | Price effective from | Koha item type | Public note |
|---|---|---|---|---|---|---|---|---|---|---|---|---|---|---|---|---|
| Library of Congress Classification | Not For Loan | Luxembourg Library | Luxembourg Library | Portfolio Assessment of SISC Students Section | 10/16/2015 | Donation | PHS HQ 31 .C131 2015 | P3473 | 11/27/2019 | 10/16/2015 | PASS | Be Amazing, Be Southville! |